Herz Anatomie - Statistiken

Allgemein
  • Dieses Quiz wurde 30 mal gespielt
  • Das Durchschnittsergebnis liegt bei 3 aus 17
Antwortstatistiken
Herzabschnitt Fachsprache % Korrekt
Arterie Aorta
77%
Lunge Pulmo
59%
Blutzufuhr unten (Suaerstoffarm) Vena cava inferior
50%
Blutzufuhr oben (Sauerstoffarm) Vena cava superior
50%
Rechter Vorhof Atrium dextra
18%
Rechtes Ventrikel Ventriculus dextra
14%
linkes Ventrikel Ventriculus sinistra
14%
Linker Vorhof Atrium sinistrum
9%
Lungenarterie Truncus pulmonalis
9%
Lungenvene Venae pulmonales
9%
Arterie Arteria pulmonales
5%
Aortheklappe Valva Aorthae
5%
Mitralklappe Valva bicuspidalis
5%
Pulmonelklappe Valva pulmonales
5%
Trikuspidalklappen Valva trikuspidalis
5%
Herzwand Ventrikel myokard
0%
Herztrennung Ventrikel septum
0%
Keine übereinstimmenden Quizze gefunden
Verteilung der Resultate
Anzahl Personen mit jedem Resultat
Perzentil nach korrekt beantworteten Fragen
Ihre Resultats-Entwicklung
Sie haben dieses Quiz noch nicht gespielt